000 00331pam a2200145 a 4500
020 _c
041 _h
082 _a658
_bSTA
100 _aStacey,R.D.
245 _aComplexcity And Management
_hTextual Documents
260 _aLondan
_bRoutledge And Kegan Poul
_c2003
300 _aX/224
700 _aGirffin,D.
930 _a6134
999 _c112962
_d112962